Statistics for Countries of the World: Count the letters

Click here to take the quiz!

General Stats

  • This quiz has been taken 42 times
  • The average score is 117 of 196

Answer Stats

COUNTRY # LETTERS % Correct
Angola6
97%
Burma5
94%
Burundi7
94%
Cyprus6
94%
Benin5
94%
Belize6
94%
Cuba4
94%
Canada6
94%
China5
94%
Algeria7
94%
Albania7
94%
Chad4
94%
Chile5
94%
Cameroon8
92%
Bolivia7
92%
Brazil6
92%
Brunei6
92%
Cambodia8
92%
Cape Verde9
92%
Bhutan6
92%
Andorra7
92%
Argentina9
92%
Croatia7
92%
Belarus7
92%
Austria7
92%
Armenia7
92%
Australia9
92%
Bahrain7
92%
Comoros7
89%
Costa Rica9
89%
Botswana8
89%
Belgium7
89%
Bulgaria8
89%
Colombia8
86%
Bahamas7
86%
Barbados8
86%
Egypt5
86%
Denmark7
83%
Dominica8
83%
Afghanistan11
83%
Djibouti8
83%
Azerbaijan10
83%
Burkina Faso11
83%
Ghana5
81%
Greece6
81%
Ecuador7
81%
Bangladesh10
81%
Antigua and Barbuda17
81%
Cote d'Ivoire11
78%
Italy5
78%
Israel6
78%
Iraq4
78%
Fiji4
78%
India5
78%
Guyana6
78%
Iran4
78%
Grenada7
78%
East Timor9
78%
Bosnia and Herzegovina20
78%
Georgia7
75%
Eritrea7
75%
Gambia6
75%
Gabon5
75%
Estonia7
75%
France6
75%
Haiti5
75%
Guinea6
72%
Hungary7
72%
Guatemala9
72%
Germany7
72%
Central African Republic22
72%
Finland7
72%
Ireland7
72%
Ethiopia8
72%
Jordan6
69%
Indonesia9
69%
Japan5
69%
Czech Republic13
69%
Iceland7
69%
Honduras8
69%
Malawi6
67%
Mali4
67%
Mexico6
67%
Laos4
67%
Latvia6
67%
Kenya5
67%
Malta5
67%
Dominican Republic17
67%
Guinea-Bissau12
67%
Democratic Republic of the Congo28
64%
Lebanon7
64%
Libya5
64%
Moldova7
64%
Jamaica7
64%
Lesotho7
61%
Monaco6
61%
Liberia7
61%
El Salvador10
61%
Kosovo6
61%
Niger5
58%
Kiribati8
58%
Nauru5
58%
Equatorial Guinea16
58%
Nigeria7
58%
Oman4
58%
Mongolia8
56%
Qatar5
56%
Panama6
56%
Palau5
56%
Peru4
56%
Norway6
56%
Nepal5
56%
Poland6
56%
Malaysia8
56%
Kuwait6
56%
Maldives8
56%
Federated States of Micronesia27
56%
Russia6
53%
Macedonia9
53%
Morocco7
53%
Kazakhstan10
53%
Lithuania9
53%
Namibia7
53%
Mauritius9
53%
Rwanda6
50%
Liechtenstein13
50%
Luxembourg10
50%
Madagascar10
50%
Mauritania10
47%
Montenegro10
47%
Kyrgyzstan10
47%
Sudan5
47%
Syria5
44%
Samoa5
44%
Romania7
44%
Portugal8
44%
Serbia6
42%
Togo4
42%
North Korea10
42%
Taiwan6
42%
Tonga5
42%
Pakistan8
42%
Nicaragua9
42%
Tuvalu6
42%
Senegal7
39%
Mozambique10
39%
Yemen5
39%
Zambia6
39%
Turkey6
39%
Sweden6
39%
Paraguay8
39%
Netherlands11
39%
Uruguay7
36%
Spain5
36%
Saint Lucia10
36%
New Zealand10
36%
Philippines11
36%
Marshall Islands15
36%
Ukraine7
33%
Uganda6
33%
Swaziland9
33%
Vanuatu7
33%
Papua New Guinea14
33%
San Marino9
33%
Saint Kitts and Nevis18
31%
Tunisia7
31%
Republic of the Congo18
31%
Suriname8
31%
Singapore9
31%
Somalia7
31%
Slovenia8
31%
Slovakia8
31%
Sri Lanka8
31%
Thailand8
28%
Vietnam7
28%
Tanzania8
28%
Zimbabwe8
28%
United States12
25%
Saint Vincent and the Grenadines28
25%
Sierra Leone11
25%
Switzerland11
25%
Saudi Arabia11
25%
Tajikistan10
25%
Solomon Islands14
22%
Venezuela9
22%
Seychelles10
22%
Uzbekistan10
22%
São Tomé and Príncipe18
22%
South Africa11
22%
South Sudan10
22%
Turkmenistan12
22%
Trinidad and Tobago17
22%
United Kingdom13
22%
South Korea10
22%
Vatican City11
19%
United Arab Emirates18
19%

Score Distribution

Percentile by Number Answered

Percent of People with Each Score

Your Score History

You have not taken this quiz